| 000 | 00915nam a2200265 i 4500 | ||
|---|---|---|---|
| 003 | DO-SdBNP | ||
| 005 | 20250425150635.0 | ||
| 007 | ta | ||
| 008 | 250425b2011 dr c|||| |||| 00| 0 spa d | ||
| 040 |
_aDO-SdBNP _bspa _cBNPHU _erda |
||
| 041 | _hspa | ||
| 082 | 4 |
_axxx _bxxx _222 |
|
| 100 | 1 |
_a Sáez, José Luis, _d1937- _9620 _eautor _4aut. |
|
| 245 | 1 | 0 |
_aBreve historia de la Parroquia de Nuestra Señora del Carmen / _cJosé L., Sáez ; edición, Rafael Bello Peguero |
| 264 | 1 |
_aSanto Domingo : _bAmigo del Hogar, _c2011. |
|
| 300 |
_a46 páginas : _bretratos ; _c22 cm. |
||
| 336 |
_atexto _btxt _2rdacontent |
||
| 337 |
_asin mediación _bn _2rdamedia |
||
| 338 |
_avolumen _bnc _2rdacarrier |
||
| 500 | _aIncluye referencias bibliográficas y notas al pie de las páginas | ||
| 590 | _aInventariado, 2025/BT | ||
| 700 |
_aBello Peguero, Rafael, _eeditor _4ed. _986450 |
||
| 910 | _aBtavárez | ||
| 942 |
_2ddc _cLF2 |
||
| 999 |
_c58817 _d58817 |
||